000 00764nam a2200157 a 4500
008 100309s1993 ||||||||||||||||| || u
050 _aUN-ECA(01)PADIS
100 _aInganji, Francis
245 1 0 _aReport of workshop on processing tools,norms and standards and modalities for subregional exchange of development information
_cby Francis Inganji
260 _aAddis Ababa :
_bUnited Nations economic Commisssion for Africa (UN-ECA)
_c1993
300 _a13p.
350 _a0.00
650 _aPADIS (INFORMATION RETRIEVAL SYSTEMS)
710 _aUnited Nations Economic Commission For Africa(UNECA)
995 _D0.00
_FCBU-MAIN LIBRARY (Kitwe)
_H1
_I0.00
_M1
_UAVAILABLE
_WMar 9, 2010
_ZInternational Publications
999 _c56181
_d56181